Logo BPK

Biblioteka

Politechniki Koszalińskiej

Die Sphinx ist nicht tot : (Rekord nr 50554)

Szczegóły MARC
000 -ETYKIETA REKORDU
podpole kontrolne o stałej długości 00446nam a2200157 i 4500
001 - NUMER KONTROLNY REKORDU
pole kontrolne bgj
040 ## - ŹRÓDŁO KATALOGOWANIA
Instytucja, która utworzyła rekord BPK
041 0# - KOD JĘZYKA
Kod języka tekstu ger
008 - POLE O STAŁEJ DŁUGOŚCI - DANE KONTROLNE
podpole kontrolne o stałej długości s gw f |000 0 ger
100 1# - NAZWA OSOBOWA
Nazwa osobowa BRÜCK, Max
Dopowiedzenie (von)
245 10 - TYTUŁ/ODPOWIEDZIALNOŚĆ
Tytuł Die Sphinx ist nicht tot :
Ciąg dalszy tytułu Figuren /
Pozostałe elementy strefy tytułu i oznaczenia odpowiedzialności Max von Brück.
260 ## - STREFA ADRESU WYDAWNICZEGO
Miejsce wydania Köln :
Nazwa wydawcy/dystrybutora Kiepenheuer & Witsch,
Data publikacji, dystrybucji/powstania dokumentu c. 1956
Miejsce wydania Berlin.
300 ## - STREFA OPISU FIZYCZNEGO
Objętość 343, [1] S. ;
Rozmiary 21 cm.
650 #9 - HASŁO PRZEDMIOTOWE W FORMIE NAZWY OGÓLNEJ LUB JEDNOSTKOWEJ
Nazwa ogólna lub geograficzna Deutsche Literatur
Określnik ogólny Schöne Literatur
856 ## - LOKALIZACJA I DOSTĘP DO ELEKTRONICZNYCH DOKUMENTÓW ZDALNYCH
Link (URL) http://koha.tu.koszalin.pl/cgi-bin/koha/opac-detail.pl?biblionumber=50554
Tekst linku Katalog online BPK
942 ## - DODATKOWE ELEMENTY (KOHA)
Typ dokumentu Książka
Egzemplarze
Wycofany Status egzemplarza Uszkodzony Dostępność Lokalizacja stała Lokalizacja bieżąca Miejsce przechowywania Sygnatura Kod kreskowy Typ dokumentu
      Dostępny Biblioteka Politechniki Koszalińskiej Biblioteka Politechniki Koszalińskiej Wypożyczalnia Językowa N 518 09046245 Książka
© 2023 Biblioteka Politechniki Koszalińskiej :: KOHA